| 000 | 01032cam a2200301 a 4500 | ||
|---|---|---|---|
| 999 |
_c5759 _d5759 |
||
| 001 | 988538 | ||
| 003 | OSt | ||
| 005 | 20220620113045.0 | ||
| 008 | 860605s1987 enka 001 0 eng c | ||
| 010 | _a 86012815 | ||
| 020 |
_a019261598X (pbk.) : _c£4.00 (U.K. : est.) ($4.60 U.S.) |
||
| 040 |
_aDGPO/DLC _cALUPE UNIVERSITY _dDLC |
||
| 050 | 0 | 0 |
_aRD31 _b.P75 1987 vol. 2 _aRD93 |
| 060 | _aWO 100 P952 v. 2 | ||
| 082 | 0 | 0 |
_a617 s _a617/.1 _219 |
| 245 | 0 | 0 |
_aTrauma / _cNelson Awori ... [et al.] ; edited by Maurice King ; illustrated by Derek Atherton and Ivanson Ka[i]yai. |
| 260 |
_aOxford ; _aNew York : _bOxford University Press, _cc1987. |
||
| 300 |
_ax, 381 p. : _bill. ; _c30 cm. |
||
| 440 | 0 |
_aPrimary surgery ; _vv. 2 |
|
| 440 | 0 | _aOxford medical publications | |
| 500 | _aIncludes index. | ||
| 650 | 0 | _aWounds and injuries. | |
| 650 | 2 | _aWounds and Injuries. | |
| 700 | 1 | _aAwori, Nelson. | |
| 700 | 1 |
_aKing, Maurice H. _q(Maurice Henry) |
|
| 906 |
_a7 _bcbc _corignew _d1 _eocip _f19 _gy-gencatlg |
||
| 942 |
_2lcc _cBK _nAB |
||